000
00270nam a22001217a 4500
040
_c
HS
082
_a
630
100
_a
PATRICK J. LUDGATE
245
_a
On farm research on small ruminants
260
_a
pertanlan
_b
PATRICK J. LUDGATE
_c
1989
300
_a
NA
942
_c
EK
999
_c
8749
_d
8749